000 00278 a2200121 4500
001 146986
040 _cEscola São Tomás de Aquino
100 _aKING, Stephen Michael
240 1 0 _aPedro e Tina
_lpor
245 1 0 _aPedro e Tina
697 _a*LITERATURA INFANTIL
942 _cBK
999 _c146986
_d146986